Library Banner

Wasaaiq e Yahoodiat(وثائق یہودیت)/ (Record no. 109817)

MARC details
000 -LEADER
fixed length control field 00354nam a22001217a 4500
005 - DATE AND TIME OF LATEST TRANSACTION
control field 20181226110901.0
008 - FIXED-LENGTH DATA ELEMENTS--GENERAL INFORMATION
fixed length control field 181226b ||||| |||| 00| 0 eng d
040 ## - CATALOGING SOURCE
Transcribing agency PK-LaUMT
082 ## - DEWEY DECIMAL CLASSIFICATION NUMBER
Classification number RHC 366.1
Item number WAS-
245 ## - TITLE STATEMENT
Title Wasaaiq e Yahoodiat(وثائق یہودیت)/
Statement of responsibility, etc Abdul Rasheed Arshad(Tran)
260 ## - PUBLICATION, DISTRIBUTION, ETC. (IMPRINT)
Place of publication, distribution, etc الریاض
Name of publisher, distributor, etc تھکرزفورم
942 ## - ADDED ENTRY ELEMENTS (KOHA)
Koha item type Books
Holdings
Withdrawn status Lost status Damaged status Home library Current library Date acquired Full call number Barcode Date last seen Price effective from Koha item type
      UMT Main Campus UMT Main Campus 2018-12-26 RHC 366.1 WAS- 127199 2018-12-26 2018-12-26 Books